LEADER 00962nam0-22003011i-450- 001 990008040090403321 005 20050407082833.0 035 $a000804009 035 $aFED01000804009 035 $a(Aleph)000804009FED01 035 $a000804009 100 $a20050407d1910----km-y0itay50------ba 101 0 $aita 102 $aIT 105 $ay---n---001yy 200 1 $aCorso completo di economia politica$ecompilato e ordinato in base alle lezioni tenute nella R. università di Torino per cura del dott. Giulio Fenoglio$fAchille Loria 210 $aMilano$cF.lli Bocca$d1910 215 $aVIII, 711 p.$d23 cm 225 1 $aNuova collezione di opere giuridiche$v156 676 $a330$v19$zita 700 1$aLoria,$bAchille$f<1857-1943>$068028 801 0$aIT$bUNINA$gRICA$2UNIMARC 901 $aBK 912 $a990008040090403321 952 $aXV B 12$b594$fFGBC 959 $aFGBC 996 $aCorso completo di economia politica$9755538 997 $aUNINA LEADER 01288nam--2200409---450- 001 990000723160203316 005 20050816094836.0 010 $a3-11-011956-0 035 $a0072316 035 $aUSA010072316 035 $a(ALEPH)000072316USA01 035 $a0072316 100 $a20011108d1990----km-y0itay0103----ba 101 $aeng 102 $aDE 105 $a||||||||001yy 200 1 $amedical theories in Hippocrates early texts and the "Epidemics"$fby Volker Langholf 210 $aBerlin$cW. De Gruyter$d1990 215 $a285 p.$d24 cm 225 2 $aUntersuchungen zur antiken Literatur und Geschicte$v34 410 $12001$aUntersuchungen zur antiken Literatur und Geschicte$v34 461 1$1001-------$12001 606 0 $aIppocrate. Epidemiai 676 $a614.49 700 1$aLANGHOLF,$bVolker$0187800 801 0$aIT$bsalbc$gISBD 912 $a990000723160203316 951 $aII.1.A. 723(II T A 816)$b114450 LM$cIIT A 959 $aBK 969 $aUMA 979 $aPATTY$b90$c20011108$lUSA01$h1010 979 $c20020403$lUSA01$h1721 979 $aPATRY$b90$c20040406$lUSA01$h1650 979 $aCOPAT7$b90$c20050816$lUSA01$h0948 979 $aCOPAT7$b90$c20050816$lUSA01$h0948 996 $aMedical theories in Hippocrates$9750747 997 $aUNISA